书目信息 |
| 题名: |
外国报告文学选
|
|
| 作者: | 张德明 编 | |
| 分册: | ||
| 出版信息: | 北京 光明日报出版社 1985.9 |
|
| 页数: | 526页 | |
| 开本: | 20cm | |
| 丛书名: | ||
| 单 册: | ||
| 中图分类: | I15 | |
| 科图分类: | ||
| 主题词: | 报告文学--作品集--世界 | |
| 电子资源: | ||
| ISBN: | ||
| 000 | 00560nam0 2200205 45 | |
| 001 | 0312221749 | |
| 005 | 20040418145622.9 | |
| 010 | @dCNY2.50 | |
| 091 | @a10263.014 | |
| 100 | @a20031222d1985 km y0chiy0120 ea | |
| 101 | @achi | |
| 105 | @a z 000yy | |
| 200 | 1 | @a外国报告文学选@AWai Guo Bao Gao Wen Xue Xuan@f张德明编@FZhang De Ming Bian |
| 210 | @a北京@c光明日报出版社@d1985.9 | |
| 215 | @a526页@d20cm | |
| 606 | 0 | @a报告文学@x作品集@x世界 |
| 690 | @aI15@v3 | |
| 701 | 0 | @a张德明@4编 |
| 801 | @aCN@bTSTCL@c20031222 | |
| 905 | @dI15@e135@f2@b154645-646 | |
| 外国报告文学选/张德明编.-北京:光明日报出版社,1985.9 |
| 526页;20cm |
| ISBN :CNY2.50 |
| ● |
| 相关链接 |
|
|
|
|
正题名:外国报告文学选
索取号:I15/135
 
预约/预借
| 序号 | 登录号 | 条形码 | 馆藏地/架位号 | 状态 | 备注 |
| 1 | 0154645 | 000087435 | 第二借阅区/ [索取号:I15/135] | 在馆 | |
| 2 | 0154646 | 000087426 | 密集书库/ [索取号:I15/135] | 在馆 | |
| 3 | 0154647 | 202439138 | 第一样本阅览室/ [索取号:I15/135] | 在馆 |